<?xml version="1.0" encoding="UTF-8"?>
<record
    xmlns:xsi="http://www.w3.org/2001/XMLSchema-instance"
    xsi:schemaLocation="http://www.loc.gov/MARC21/slim http://www.loc.gov/standards/marcxml/schema/MARC21slim.xsd"
    xmlns="http://www.loc.gov/MARC21/slim">

  <leader>01279nam0a2200361   4500</leader>
  <controlfield tag="001">RU\NLR\bibl\1439967</controlfield>
  <controlfield tag="005">20260405084010.0</controlfield>
  <datafield tag="010" ind1=" " ind2=" ">
    <subfield code="a">978-5-17-059088-9</subfield>
    <subfield code="b">&#x432; &#x43F;&#x435;&#x440;.</subfield>
    <subfield code="9">4000</subfield>
  </datafield>
  <datafield tag="021" ind1=" " ind2=" ">
    <subfield code="a">RU</subfield>
    <subfield code="b">2009-76886</subfield>
    <subfield code="9">4811</subfield>
  </datafield>
  <datafield tag="035" ind1=" " ind2=" ">
    <subfield code="a">(nilc)RSL-KNO-004388053</subfield>
  </datafield>
  <datafield tag="035" ind1=" " ind2=" ">
    <subfield code="a">(NLR Aleph) 001431827</subfield>
  </datafield>
  <datafield tag="090" ind1=" " ind2=" ">
    <subfield code="a">1407504</subfield>
    <subfield code="c">1407504</subfield>
  </datafield>
  <datafield tag="100" ind1=" " ind2=" ">
    <subfield code="a">20090918d2009    |||y0rusy50      ca</subfield>
  </datafield>
  <datafield tag="101" ind1="0" ind2=" ">
    <subfield code="a">rus</subfield>
  </datafield>
  <datafield tag="102" ind1=" " ind2=" ">
    <subfield code="a">RU</subfield>
  </datafield>
  <datafield tag="105" ind1=" " ind2=" ">
    <subfield code="a">a   zzzz|||||</subfield>
  </datafield>
  <datafield tag="200" ind1="1" ind2=" ">
    <subfield code="a">&#x412;&#x441;&#x435; &#x437;&#x430;&#x433;&#x430;&#x434;&#x43A;&#x438; &#x417;&#x435;&#x43C;&#x43B;&#x438;</subfield>
    <subfield code="f">&#x412;&#x43B;&#x430;&#x434;&#x438;&#x43C;&#x438;&#x440; &#x411;&#x430;&#x431;&#x430;&#x43D;&#x438;&#x43D;</subfield>
  </datafield>
  <datafield tag="210" ind1=" " ind2=" ">
    <subfield code="a">&#x41C;&#x43E;&#x441;&#x43A;&#x432;&#x430;</subfield>
    <subfield code="c">&#x410;&#x421;&#x422;</subfield>
    <subfield code="a">&#x421;&#x430;&#x43D;&#x43A;&#x442;-&#x41F;&#x435;&#x442;&#x435;&#x440;&#x431;&#x443;&#x440;&#x433;</subfield>
    <subfield code="c">&#x421;&#x41E;&#x412;&#x410;</subfield>
    <subfield code="d">2009</subfield>
  </datafield>
  <datafield tag="215" ind1=" " ind2=" ">
    <subfield code="a">635, [2] &#x441;.</subfield>
    <subfield code="c">&#x438;&#x43B;., &#x43F;&#x43E;&#x440;&#x442;&#x440;., &#x442;&#x430;&#x431;&#x43B;.</subfield>
    <subfield code="d">24</subfield>
  </datafield>
  <datafield tag="225" ind1="1" ind2=" ">
    <subfield code="a">&#x41A;&#x43D;&#x438;&#x433;&#x430;-&#x441;&#x435;&#x43D;&#x441;&#x430;&#x446;&#x438;&#x44F;</subfield>
  </datafield>
  <datafield tag="320" ind1=" " ind2=" ">
    <subfield code="a">&#x411;&#x438;&#x431;&#x43B;&#x438;&#x43E;&#x433;&#x440;.: &#x441;. 614-619</subfield>
  </datafield>
  <datafield tag="606" ind1="1" ind2=" ">
    <subfield code="a">&#x412;&#x441;&#x435;&#x43E;&#x431;&#x449;&#x430;&#x44F; &#x438;&#x441;&#x442;&#x43E;&#x440;&#x438;&#x44F;</subfield>
    <subfield code="x">&#x41E;&#x440;&#x438;&#x433;&#x438;&#x43D;&#x430;&#x43B;&#x44C;&#x43D;&#x44B;&#x435; &#x442;&#x435;&#x43E;&#x440;&#x438;&#x438;</subfield>
    <subfield code="9">2074681</subfield>
    <subfield code="3">RU\NLR\auth\661249692</subfield>
  </datafield>
  <datafield tag="686" ind1=" " ind2=" ">
    <subfield code="a">&#x411;,0</subfield>
    <subfield code="2">rubbk</subfield>
  </datafield>
  <datafield tag="686" ind1=" " ind2=" ">
    <subfield code="a">&#x422;3(0)0,02</subfield>
    <subfield code="2">rubbk</subfield>
  </datafield>
  <datafield tag="686" ind1=" " ind2=" ">
    <subfield code="a">&#x422;089.9,0</subfield>
    <subfield code="2">rubbk</subfield>
  </datafield>
  <datafield tag="686" ind1=" " ind2=" ">
    <subfield code="a">&#x422;3(0)0,02</subfield>
  </datafield>
  <datafield tag="700" ind1=" " ind2="1">
    <subfield code="4">070</subfield>
    <subfield code="8">rus</subfield>
    <subfield code="7">ca</subfield>
    <subfield code="a">&#x411;&#x430;&#x431;&#x430;&#x43D;&#x438;&#x43D;</subfield>
    <subfield code="b">&#x412;. &#x41F;.</subfield>
    <subfield code="f">1936-</subfield>
    <subfield code="g">&#x412;&#x43B;&#x430;&#x434;&#x438;&#x43C;&#x438;&#x440; &#x41F;&#x435;&#x442;&#x440;&#x43E;&#x432;&#x438;&#x447;</subfield>
    <subfield code="3">RU\NLR\auth\7730326</subfield>
    <subfield code="9">13350</subfield>
  </datafield>
  <datafield tag="801" ind1=" " ind2="0">
    <subfield code="a">RU</subfield>
    <subfield code="b">&#x420;&#x41A;&#x41F;</subfield>
    <subfield code="c">20090918</subfield>
    <subfield code="g">rcr</subfield>
  </datafield>
  <datafield tag="801" ind1=" " ind2="1">
    <subfield code="a">RU</subfield>
    <subfield code="b">&#x420;&#x413;&#x411;</subfield>
    <subfield code="c">20090918</subfield>
  </datafield>
  <datafield tag="801" ind1=" " ind2="2">
    <subfield code="a">RU</subfield>
    <subfield code="b">NLR</subfield>
    <subfield code="c">20091118</subfield>
    <subfield code="g">rcr</subfield>
  </datafield>
  <datafield tag="942" ind1=" " ind2=" ">
    <subfield code="c">BOOK</subfield>
  </datafield>
  <datafield tag="980" ind1=" " ind2=" ">
    <subfield code="a">NB</subfield>
  </datafield>
  <datafield tag="995" ind1=" " ind2=" ">
    <subfield code="5">2009-11-18</subfield>
    <subfield code="a">ad</subfield>
    <subfield code="b">NLR01</subfield>
    <subfield code="c">NLR01</subfield>
    <subfield code="e">RF9</subfield>
    <subfield code="f">3041726</subfield>
    <subfield code="k">2009-7/6375</subfield>
    <subfield code="o">0</subfield>
    <subfield code="r">BOOK</subfield>
    <subfield code="s">200976375_</subfield>
  </datafield>
  <datafield tag="995" ind1=" " ind2=" ">
    <subfield code="5">2009-11-18</subfield>
    <subfield code="a">ad</subfield>
    <subfield code="b">NLR01</subfield>
    <subfield code="c">NLR01</subfield>
    <subfield code="e">RF9</subfield>
    <subfield code="f">3041727</subfield>
    <subfield code="k">2009-7/6375</subfield>
    <subfield code="o">0</subfield>
    <subfield code="r">BOOK</subfield>
    <subfield code="s">200976375_</subfield>
  </datafield>
</record>
